000 00430nam a2200157 4500
001 18639
005 20201125173901.0
007 tu
008 170302s1755||||||| ger
245 0 0 _aTabula Lectionum Publice Et Privatim In Academia Regia Viadrina Per Hiemem M D CC LV. Ad LVI
264 _aFrankfurt (Oder)
_bWinter
_c1755
365 _c€
546 _adeutsch
650 0 4 _aUniversität
650 0 4 _aFrankfurt (Oder)
999 _c78910
_d78910